[Event "Challenge"]
[Site "http://www.queenalice.com/game.php?id=1859892"]
[Date "2025.7.14"]
[Round "-"]
[White "Donidon"]
[Black "JJerzy"]
[Result "0-1"]
[WhiteElo "2194"]
[BlackElo "2282"]

1. e4 e5 2. Nf3 Nf6 3. Nxe5 d6 4. Nf3 Nxe4 5. d4 d5 6. Bd3 Bb4+ 7. c3 Bd6 8. O-O
O-O 9. Nbd2 Nxd2 10. Bxd2 c6 11. Ng5 h6 12. Qh5 Nd7 13. Nh7 Nf6 14. Nxf6+ Qxf6
15. f4 Re8 16. Rae1 Bd7 17. Be3 Be7 18. f5 Qh4 19. Qf3 Bd6 20. g3 Qf6 21. Re2 b5
0-1

[Event "AUTO-ELITE-2585"]
[Site "http://www.queenalice.com/game.php?id=1860111"]
[Date "2025.7.18"]
[Round "2"]
[White "trompmaster"]
[Black "Donidon"]
[Result "1-0"]
[WhiteElo "2321"]
[BlackElo "2176"]

1. d4 d5 2. Nf3 Nc6 3. Bf4 Nf6 4. e3 e6 5. c4 Bb4+ 6. Nbd2 Ne4 7. a3 Bxd2+ 8.
Nxd2 O-O 9. Nxe4 dxe4 10. Bg3 e5 11. d5 Ne7 12. Bxe5 Ng6 13. Bc3 f5 14. c5 Bd7
15. Bc4 Kh8 16. h4 f4 17. h5 fxe3 18. hxg6 exf2+ 19. Kf1 Rf6 20. Rxh7+ Kg8 21.
d6+ Be6 22. Bxe6+ Rxe6 23. Rh8+ Kxh8 24. Qh5+ Kg8 25. Qh7+ Kf8 26. Qh8# 1-0

[Event "AUTO-ELITE-2585"]
[Site "http://www.queenalice.com/game.php?id=1860112"]
[Date "2025.7.18"]
[Round "2"]
[White "Donidon"]
[Black "trompmaster"]
[Result "0-1"]
[WhiteElo "2171"]
[BlackElo "2336"]

1. e4 d6 2. d4 Nf6 3. Nc3 e5 4. Nf3 Nbd7 5. Bg5 c6 6. Bc4 h6 7. Bh4 Be7 8. O-O
b5 9. Bd3 O-O 10. dxe5 dxe5 11. a3 Qc7 12. Bxf6 Bxf6 13. Qe2 Nc5 14. b4 Nxd3 15.
Qxd3 Be6 16. Rfd1 a5 17. Rab1 Be7 18. h3 Ra7 19. Qd2 axb4 20. axb4 Ra3 21. Qe3
Rfa8 22. Rd3 R3a7 23. Qc1 Kh7 24. Qe1 f6 25. Nh4 g6 26. Rdd1 Ra3 27. Ne2 Ba2 28.
Rb2 f5 29. f3 Bc4 30. Nc1 f4 31. Nb3 Qa7+ 32. Kh1 Qe3 33. Na5 Qxe1+ 34. Rxe1
Bxh4 35. Rd1 Be2 36. Rd7+ Kg8 37. Rb1 c5 38. Rd2 cxb4 39. Nb3 Bc4 40. Rdd1 Ra2
41. Na1 Bf2 0-1

[Event "AUTO-MASTER-3273"]
[Site "http://www.queenalice.com/game.php?id=1860342"]
[Date "2025.7.22"]
[Round "1"]
[White "Donidon"]
[Black "Tonto"]
[Result "1-0"]
[WhiteElo "2165"]
[BlackElo "2018"]

1. e4 e5 2. Nf3 d6 3. d4 exd4 4. Nxd4 c5 5. Nf3 Be7 6. Bc4 Nf6 7. Ng5 O-O 8. O-O
Bg4 9. f3 Bh5 10. Nh3 Nxe4 11. Bd5 Ng5 12. Nxg5 Bxg5 13. Bxb7 Nd7 14. Bxa8 Qxa8
15. Bxg5 Ne5 16. Nc3 Nc4 17. b3 Ne5 18. Qxd6 f6 19. Be3 c4 20. Ne4 cxb3 21. axb3
Bf7 22. Bc5 Re8 23. Rxa7 Qc8 24. Qc7 Qxc7 25. Rxc7 Bd5 26. Re1 Ra8 27. Bd4 Ng6
28. Bxf6 gxf6 29. Nxf6+ Kf8 30. Nxh7+ Kg8 31. Nf6+ Kf8 32. Nxd5 Ra2 33. Nf6 Ra8
34. h4 Nxh4 35. Ree7 1-0

[Event "AUTO-MASTER-3273"]
[Site "http://www.queenalice.com/game.php?id=1860343"]
[Date "2025.7.22"]
[Round "1"]
[White "Tonto"]
[Black "Donidon"]
[Result "1-0"]
[WhiteElo "2053"]
[BlackElo "2173"]

1. e4 e6 2. e5 d6 3. Nf3 Nc6 4. Bb5 Bd7 5. a3 Nxe5 6. Bxd7+ Nxd7 7. d4 e5 8.
dxe5 dxe5 9. O-O Bc5 10. Re1 Bd6 11. Nbd2 Ngf6 12. Nc4 O-O 13. Bg5 h6 14. Bh4 e4
15. Nd4 Re8 16. Nf5 Bf8 17. b4 g6 18. Nfe3 g5 19. Bg3 c6 20. Nf5 Nb6 21. Ncd6
Bxd6 22. Nxd6 Re7 23. Nf5 Rd7 24. Qc1 Kh7 25. Be5 Ng4 26. Bg7 Rd2 27. h3 Rxf2
28. hxg4 Rxf5 29. gxf5 Kxg7 30. Rxe4 f6 31. Qe3 Nd5 32. Qh3 b5 33. Rd1 Qb6+ 34.
Kh1 Rh8 35. Qh5 Qd8 36. Qg6+ Kf8 37. Rde1 Nc7 38. Re7 1-0

[Event "AUTO-MASTER-3273"]
[Site "http://www.queenalice.com/game.php?id=1860344"]
[Date "2025.7.22"]
[Round "1"]
[White "Donidon"]
[Black "jpribeiro"]
[Result "1-0"]
[WhiteElo "2164"]
[BlackElo "1761"]

1. e4 c5 2. Nf3 d6 3. d4 cxd4 4. Nxd4 Nf6 5. Nc3 Nc6 6. Be3 Nxd4 7. Bxd4 e5 8.
Be3 Be7 9. Bc4 Qc7 10. Bb3 O-O 11. O-O a5 12. a4 Bd7 13. Nd5 Nxd5 14. Bxd5 Rac8
15. c3 b5 16. axb5 Bxb5 17. Re1 Rb8 18. f4 Bc4 19. Bxc4 Qxc4 20. f5 Rxb2 21.
Rxa5 Qxc3 22. Ra1 Bh4 23. g3 Be7 24. Rc1 Qb4 25. Bf2 Rd8 26. Rc7 1-0

[Event "AUTO-MASTER-3273"]
[Site "http://www.queenalice.com/game.php?id=1860345"]
[Date "2025.7.22"]
[Round "1"]
[White "jpribeiro"]
[Black "Donidon"]
[Result "0-1"]
[WhiteElo "1767"]
[BlackElo "2161"]

1. e4 e5 2. Nf3 Nc6 3. c3 d6 4. d4 Bg4 5. Be2 Nf6 6. dxe5 Bxf3 7. Bxf3 Nxe5 8.
Be2 Be7 9. f4 Nc6 10. Bf3 O-O 11. Be3 Re8 12. e5 dxe5 13. Qxd8 Raxd8 14. O-O
exf4 15. Bxf4 Bd6 16. Bxd6 Rxd6 17. Na3 Ne5 18. Bxb7 Rb8 19. Bf3 Rxb2 20. Rfb1
Nxf3+ 21. gxf3 Rdd2 22. Rxb2 Rxb2 23. Rb1 Rxb1+ 24. Nxb1 Kf8 25. Nd2 Ke7 0-1

[Event "AUTO-MASTER-3273"]
[Site "http://www.queenalice.com/game.php?id=1860346"]
[Date "2025.7.22"]
[Round "1"]
[White "Donidon"]
[Black "maurice916"]
[Result "1-0"]
[WhiteElo "2168"]
[BlackElo "1864"]

1. e4 c6 2. d4 d5 3. Nc3 dxe4 4. Nxe4 Nf6 5. Bd3 Nxe4 6. Bxe4 Nd7 7. Nf3 Nf6 8.
Bd3 Bg4 9. O-O e6 10. c3 Be7 11. h3 Bh5 12. Bf4 Bd6 13. Bg5 O-O 14. Qc2 Bxf3 15.
Bxh7+ Kh8 16. gxf3 Be7 17. Bd3 Qc7 18. Kg2 Nd5 19. Bd2 f5 20. Rh1 Bh4 21. Rag1
g5 22. Kf1 Rf7 23. Bc4 Re8 24. Bxd5 exd5 25. Bxg5 Bxg5 26. Rxg5 Qf4 27. Rh5+ Kg8
28. Rg1+ Kf8 29. Rh8+ Ke7 30. Qe2+ Kd6 31. Rg6+ Kc7 32. Rxe8 Qc1+ 33. Kg2 Qf4
34. Re7+ Rxe7 35. Qxe7+ Kb6 36. Qb4+ Ka6 37. Rg7 Qb8 38. a4 b6 39. Qe7 f4 40. b4
Qa8 41. Qc7 c5 42. b5+ 1-0

[Event "AUTO-MASTER-3273"]
[Site "http://www.queenalice.com/game.php?id=1860347"]
[Date "2025.7.22"]
[Round "1"]
[White "maurice916"]
[Black "Donidon"]
[Result "0-1"]
[WhiteElo "1906"]
[BlackElo "2191"]

1. Nf3 Nf6 2. b3 d5 3. Bb2 c5 4. e3 Nc6 5. Bb5 e6 6. Ne5 Bd7 7. Nxd7 Qxd7 8. O-O
O-O-O 9. a4 a6 10. Bxc6 Qxc6 11. Qe2 Bd6 12. c4 e5 13. Na3 d4 14. exd4 cxd4 15.
d3 Kb8 16. Nc2 a5 17. Ne1 Rde8 18. f3 h5 19. g3 g5 20. Bc1 g4 21. Qf2 Reg8 22.
Qg2 h4 23. f4 hxg3 24. Qxg3 Rh3 25. Qg2 e4 26. dxe4 d3 27. e5 Bc5+ 28. Kh1 Rgh8
29. Nf3 gxf3 30. Rxf3 Rxh2+ 31. Qxh2 Qxf3# 0-1